| 000 | 00910nam a2200265Ia 4500 | ||
|---|---|---|---|
| 003 | OSt | ||
| 005 | 20220926005303.0 | ||
| 006 | a|||||r|||| 00| 0 | ||
| 007 | ta | ||
| 008 | 220923b |||||||| |||| 00| 0 eng d | ||
| 020 |
_a9789381513118 _c1795.00 |
||
| 037 |
_b54475, 06/03/2018, Segment Book Distributors _cGeneral Book |
||
| 040 |
_aRTL _cRTL _beng |
||
| 041 |
_2eng _aeng |
||
| 082 | _aY31(X:77).2, Q8 | ||
| 100 |
_aMAJUMDER Rajarshi _9310012 |
||
| 245 | 0 |
_aGrowth and development in India _b Regional dimensions |
|
| 260 |
_a New Delhi _bSegment Books _c2018 |
||
| 300 |
_axxv,375p _ccm. |
||
| 650 | _aSociology | ||
| 700 |
_a PRADHAN Jaya Prakash _9300194 |
||
| 700 |
_a SENGUPTA Atanu _9308812 |
||
| 942 |
_hY31(X:77).2, Q8 _cGB _2CC |
||
| 999 |
_c613439 _d613439 |
||